000 00669nam a2200229Ia 4500
003 OSt
005 20220923220256.0
006 a|||||r|||| 00| 0
007 ta
008 220922b |||||||| |||| 00| 0 hin d
024 _a185,618
037 _cTextual
040 _aARTS
_cARTS
_bhin
041 _2hin
_ahin
082 _aY1:1v1:N5, 152J6
100 _aमजूमदार, पी0 के0
245 0 _aविश्व सम्यता का इतिहास
246 _aVishva samyatā kā itihāsa
260 _c1956
942 _hY1:1v1:N5, 152J6
_cTEXL
_2CC
999 _c338864
_d338864